| 000 | 00509nmm a2200169Ia 4500 | ||
|---|---|---|---|
| 008 | 251105s9999||||xx |||||||||||||||||und|| | ||
| 020 | _a9788480218108 | ||
| 041 | _aspa | ||
| 100 | _aMoliner García, María Odet (ed.) | ||
| 245 | 0 | _aPrácticas inclusivas : experiencias, proyectos y redes | |
| 264 |
_a[Madrid, España] : _bUniversitat Jaume I, _c2011 |
||
| 300 | _a131 páginas | ||
| 490 | _aEducació | ||
| 650 | _aEducation | ||
| 856 | _uhttps://public.digitaliapublishing.com/a/14902 | ||
| 942 | _cCF | ||
| 999 |
_c85683 _d85683 |
||